000 00456pab a2200181 454500
008 180718b2017 xxu||||| |||| 00| 0 eng d
100 _aBernhard, Michael
245 _aCivil society and democracy in an era of inequality
260 _c2017
300 _ap.297-309.
362 _aApr
650 _aDemocracy
650 _aCivil society
700 _aBranco, Rui
700 _aFernandes, Tiago
773 _aComparative Politics
909 _a114472
999 _c114466
_d114466